| 000 | 00000nam 2200000za 4500 |
| 001 | 9.837973 |
| 003 | CaOODSP |
| 005 | 20221107151252 |
| 007 | cr ||||||||||| |
| 008 | 170608s2011 oncaob|#o f000 0 eng d |
| 040 | |aCaOODSP|beng |
| 043 | |an-cn--- |
| 086 | 1 |aR62-503/2011E-PDF |
| 245 | 00|aCome celebrate with Parks Canada! |h[electronic resource]. |
| 246 | 1 |iAt head of title: |a1911-2011, 100 years, parkscanada.gc.ca |
| 260 | |aOttawa : |bParks Canada = Parcs Canada,|c[2011]. |
| 300 | |a[6] p. : |bcol. ill., col. map |
| 500 | |aIssued also in French under title: Soyez de la fête avec Parcs Canada! |
| 520 | 0 |a"A hundred years ago, the first national park service in the world was created ... here in Canada. Now, in 2011, Parks Canada is celebrating its 100th birthday throughout the country-- and you're invited!" Includes map with list of the 42 National Parks, 167 Natural Historic Sites and 4 National Marine Conservation Areas. |
| 692 | 07|2gccst|aNational parks |
| 692 | 07|2gccst|aHistoric sites |
| 710 | 2 |aParks Canada. |
| 775 | 08|tSoyez de la fête avec Parcs Canada! |w(CaOODSP)9.837979 |
| 856 | 40|qPDF|s3.23 MB|uhttps://publications.gc.ca/collections/collection_2017/pc/R62-503-2011-eng.pdf |